Normal view
MARC view
- Shakiban, Chehrzad,
Entry Personal Name
001 - CONTROL NUMBER
- control field: 30263
003 - CONTROL NUMBER IDENTIFIER
- control field: NUST
005 - DATE AND TIME OF LATEST TRANSACTION
- control field: 20200917150106.0
008 - FIXED-LENGTH DATA ELEMENTS
- fixed length control field: 200917|| aca||aabn | a|a d
040 ## - CATALOGING SOURCE
- Original cataloging agency: NUST
- Transcribing agency: NUST
100 ## - HEADING--PERSONAL NAME
- Personal name: Shakiban, Chehrzad,
- Dates associated with a name: 1951-
670 ## - SOURCE DATA FOUND
- Source citation: Work cat.: (NUST)0: Olver, Peter J. 30262, Applied linear algebra /, c2006.
